000 01419nam a2200313 i 4500
003 EG-GICUC
005 20260121101452.0
008 251211s1955 ua ||||fr|||| 00| 0 ara d
040 _a EG-GICUC
_bara
_c EG-GICUC
_d EG-GICUC
_erda
041 _aara
082 0 4 _221
_a341.83
_bع ز . ش
092 0 4 _221
099 _aLaw1 12 341.83 ع ز . ش 1955
100 0 _aعز الدين عبدالله
_eمؤلف.
245 1 0 _aشكل وصايا الأجانب في مصر :
_bسبتمبر وديسمبر 1954 /
_cعز الدين عبدالله.
264 3 _aالقاهرة :
_bمطبعة جامعة القاهرة،
_c1955.
300 _a207 صفحة ؛
_c24 سم.
336 _2rda content
_atext
337 _2rda media
_aComputer
338 _2rda carrier
_aOnline Resource
500 _aفصلة من مجلة الاقتصاد والقانون التي يصدرها اساتذة كلية الحقوق العدادن الثالث والرابع السنة الرابعة والعشرون
504 _aيحتوي على ارجاعات ببليوجرافية
546 _aالنص أغلبه باللغة العربية بعض النصوص الإنجليزية والفرنسية
650 1 4 _aالأجانب
_xالقانون الدولى الخاص
_2qrmak
651 1 _2qrmak
856 4 0 _uhttps://fll.law.cu.edu.eg/fulltext/bks/B12-00829.pdf
905 _a75
_eHassnaa
942 _2ddc
_n0
_cBK
_e21
999 _c49812
_d49812